000 00404nam a2200157Ia 4500
008 230711s9999||||xx |||||||||||||| ||und||
020 _a978-1-84214-564-7
041 _aENG
082 _a668.55
_bBA-C
245 0 _aHandbook of cosmetic science and technology
250 _a4th Ed.
260 _c2014
_aNew York
_bCRC Press Taylor & Francis Group
300 _a711p.
650 _aPharmacy
942 _cBK
999 _c9772
_d9772